000 00558nam a22001817a 4500
005 20251108172106.0
008 250721s1991 xx 000 0 ara d
082 1 4 _aم/ط/503/موس
100 1 _aحمود، لميس محمد
_eترجمة
245 1 0 _aموسوعة الأطفال و الفتيان الميسرة /
264 1 _aبيروت :
_bدار العودة،
_c1991.
300 _a2مج : مص
650 1 7 _aالعلم
650 1 7 _aالموسوعات
700 1 _aحمود، اليفانا
_eترجمة
942 _2ddc
_cBK
999 _c70240
_d70240